| 000 | 00772nam a2200193Ia 4500 | ||
|---|---|---|---|
| 003 | GCL | ||
| 008 | 140319s9999 xx 000 0 ara d | ||
| 040 |
_aGCL / _cGCL |
||
| 082 | 0 | 4 |
_a189 _bر ف |
| 100 | 1 | _aابن رشد : ابوالوليد محمد بن احمد بن محمد الاندلسى القرطبى | |
| 245 | 1 | 0 |
_aفصل المقال فيما بين الحكمة والشريعه من الاتصال / _cابن رشد : ابوالوليد محمد بن احمد بن محمد الاندلسى القرطبى |
| 700 | 1 | _aمحمد عمارة | |
| 260 |
_a[S.N] : _bدار المعارف ، _c1983 |
||
| 300 | _a102 ص | ||
| 490 |
_aذخائر العرب _v0 |
||
| 650 | 0 | 4 | _aالفلسفة الاسلامية |
| 650 | 0 | 4 | _aالاسلام |
| 942 |
_2ddc _cBK |
||
| 999 |
_c64423 _d64423 |
||